| 000 | 02894namaa22003611i 4500 | ||
|---|---|---|---|
| 003 | EG-GICUC | ||
| 005 | 20260409115142.0 | ||
| 008 | 260409s2001 ua ah||jr|||| 001 0 ara d | ||
| 017 |
_a2001 / 18318 _bدار الكتب والوثائق القومية(مصر) |
||
| 020 | _a9775046874 | ||
| 040 |
_aEG-GiCUC _bara _cEG-GiCUC _dEG-GiCUC _erda |
||
| 082 | 0 | 4 |
_221 _a239.9 _bS124 |
| 092 | 0 | 4 |
_221 _a239.9 _bS124 |
| 099 | _a239.9 S124 2001 | ||
| 100 | 1 |
_aابن سعد، محمد، _d784-845. حوالى _eمؤلف. |
|
| 245 | 1 |
_aكتاب الطبقات الكبير / _cمحمد بن سعد بن منيع الزهرى ؛ تحقيق الدكتور على محمد عمر |
|
| 250 | _aالطبعة الاولى | ||
| 264 |
_aالقاهرة (مصر) : _bمكتبة الخانجى، _c2001 |
||
| 300 |
_a: 11 مجلد _bإيضاحيات، مثيليات ؛ _c24 سم |
||
| 336 |
_2rdacontent _atext |
||
| 337 |
_2rdamedia _aUnmediated |
||
| 338 |
_2rdacarrier _avolume |
||
| 500 | _aالمجلد 11 ( الفهارس) | ||
| 504 | _aيشتمل على ارجاعات ببليوجرافية | ||
| 505 | _aالمجلد الاول. فى السيرة النبوية -- المجلد الثانى. فى مغازى رسول الله صلى الله عليه وسلم وسراياه-- المجلد الثالث. الطبقة الاولى فى البدريين من المهاجرين والانصار -- المجلد الرابع. فى الطبقة الثانية من المهاجرين والأنصار ممن لم يشهدوا بدرا ولهم إسلام قديم وشهدوا أحدا و مابعدها من المشاهد -- المجلد الخامس. فى الطبقة الثالثة من المهاجرين والأنصار ممن شهد الخندق و مابعدها -- المجلد السادس. الطبقة الرابعة من الصحابة ممن ؟أسلم عند فتح مكة ومابعد ذلك والخامسة فيمن قبض رسول الله صلى الله عليه وسلم وهم أحداث الأسنان-- المجلد السابع. فى أهل المدينة من التبعين-- المجلد الثامن. فيمن كان بمكة والطائف واليمن واليمامة والبحرين والكوفة من الصحابة ومن كان بها بعدهم من التابعين وغيرهم من أهل الفقه والعلم-- المجلد التاسع. فى البصريين والبغدادين والشاميين والمصريين وآخرين -- المجلد العاشر. فى النساء --المجلد الحادى عشر. الفهارس | ||
| 541 |
_aد. جابر عصفور ؛ _bالقاهرة ؛ _cإهداء ؛ _d2024. |
||
| 650 | 1 | 7 |
_aالخلفاء الراشدون _2qrmak |
| 650 | 1 | 7 |
_aالصحابة والتابعين _2qrmak |
| 651 | 1 | _2qrmak | |
| 700 | 1 |
_aعمر، على محمد _eمحقق. |
|
| 905 | _aHuda | ||
| 942 |
_2ddc _cBK _e21 _n0 |
||
| 999 |
_c179326 _d179326 |
||